| Tag |
First Indicator |
Second Indicator |
Subfields |
| LEADER |
00000cam a2200000Ia 4500 |
| 001 |
in00001664094 |
| 005 |
20151024121811.0 |
| 008 |
011026s2001 gw a b 100 0 eng d |
| 016 |
7 |
|
|a 961369418
|2 GyFmDB
|
| 020 |
|
|
|a 3825851370 (pbk.)
|
| 035 |
|
|
|a (OCoLC)ocm48231559
|
| 040 |
|
|
|a OHX
|c OHX
|d NDD
|d TXA
|d UtOrBLW
|
| 049 |
|
|
|a TXAM
|
| 072 |
|
7 |
|a PS
|2 lcco
|
| 072 |
|
7 |
|a E
|2 lcco
|
| 090 |
|
|
|a HT1050
|b .B53 2001
|
| 092 |
|
|
|a 326.8097
|b B627, 2001
|
| 245 |
0 |
0 |
|a Black liberation in the Americas /
|c Fritz Gysin, Christopher Mulvey (eds.).
|
| 264 |
|
1 |
|a Münster :
|b Lit,
|c [2001]
|
| 300 |
|
|
|a vii, 263 pages :
|b illustrations ;
|c 24 cm.
|
| 336 |
|
|
|a text
|b txt
|2 rdacontent
|
| 337 |
|
|
|a unmediated
|b n
|2 rdamedia
|
| 338 |
|
|
|a volume
|b nc
|2 rdacarrier
|
| 490 |
1 |
|
|a FORECAAST ;
|v v. 6
|
| 500 |
|
|
|a "...originated in the workshops of the third Collegium for African American Research (CAAR) Conference held at the University of Münster, Germany in 1999"--p. iii.
|
| 504 |
|
|
|a Includes bibliographical references.
|
| 650 |
|
0 |
|a Antislavery movements
|z America.
|
| 650 |
|
0 |
|a Slavery in literature
|x History and criticism.
|
| 650 |
|
0 |
|a Slavery in art.
|
| 700 |
1 |
|
|a Gysin, Fritz.
|
| 700 |
1 |
|
|a Mulvey, Christopher.
|
| 710 |
2 |
|
|a Collegium for African American Research
|n (3rd :
|d 1999 :
|c Münster, Germany)
|
| 830 |
|
0 |
|a FORECAAST ;
|v v. 6.
|
| 938 |
|
|
|a Otto Harrassowitz
|b HARR
|n har010039479
|c 48.80 DEM
|
| 948 |
|
|
|a cataloged
|b h
|c 2002/3/12
|d c
|e jgreene
|f 1:19:25 pm
|
| 994 |
|
|
|a E0
|b TXA
|
| 999 |
|
|
|a MARS
|
| 999 |
f |
f |
|s 92fa4a4a-8563-3b5a-9ec7-d53819fa1d5d
|i c6b8501b-b98a-39c0-bbc8-ac75cbd93fb6
|t 0
|
| 952 |
f |
f |
|p ric
|a Texas A&M University
|b Rellis Campus
|c Joint Library Facility
|d Remote Storage
|t 0
|e HT1050 .B53 2001
|h Library of Congress classification
|i unmediated -- volume
|m A14828540071
|
| 998 |
f |
f |
|a HT1050 .B53 2001
|t 0
|l Remote Storage
|